00809nam a2200229 i 4500001000700000003000900007005001700016007000300033008004100036080001000077100002500087245009800112260003400210300005000244490003500294650002000329700002900349830004000378852002100418999001900439952012100458124579ES-MaACL20250813062630.0t|070330s1946 sp ||||1| spa d a294.31 aNegre, Pedro.98529310aBudismo b: enigmas de un nirvana misterioso / cPedro Negre ; prólogo por Pedro Font Puig. aBarcelona : bLabor, c[1946] a230 p., XXXII p. de lám., 2 map. ; c17 cm.1 aColección Labor ; v432, 433 aBudismo.9106301 aFont Puig, Pedro.95156700aColección Laborv432, 4339184254 aES-MaACLjE-2887 c124579d124579 00104070aATENEOMbATENEOMcDEPO2d2008-01-17eSCl0oE-2887p1129796r2023-02-23 00:00:00w2023-02-23yMONOGRAFIA